Central Library OPAC University of Rajshahi

Full employment in a free society : (Record no. 18589)

MARC details
000 -LEADER
fixed length control field 00856nam a2200253 a 4500
001 - CONTROL NUMBER
control field 18589
003 - CONTROL NUMBER IDENTIFIER
rucl marc code BD-RjUL
005 - DATE AND TIME OF LATEST TRANSACTION
control field 20211209000316.0
008 - FIXED-LENGTH DATA ELEMENTS--GENERAL INFORMATION
fixed length control field 140220r19671960enk 001 0 eng d
035 ## - SYSTEM CONTROL NUMBER
System control number (BD-RjUL)18647
040 ## - CATALOGING SOURCE
Original cataloging agency DLC
Language of cataloging eng
Transcribing agency DLC
Modifying agency BD-RjUL
041 ## - LANGUAGE CODE
Language code of text/sound track or separate title eng
082 00 - DEWEY DECIMAL CLASSIFICATION NUMBER
Classification number 331.137942
Author mark and year BEF 1967
100 1# - MAIN ENTRY--PERSONAL NAME
Personal name Beveridge, William Henry Beveridge,
Dates associated with a name 1879-1963.
9 (RLIN) 8464
245 10 - TITLE STATEMENT
Title Full employment in a free society :
Remainder of title a report /
Statement of responsibility, etc. by Lord Beveridge.
250 ## - EDITION STATEMENT
Edition statement 2nd ed.
260 ## - PUBLICATION, DISTRIBUTION, ETC. (IMPRINT)
Place of publication, distribution, etc. London :
Name of publisher, distributor, etc. Allen & Unwin,
Date of publication, distribution, etc. 1960 [Impression 1967].
300 ## - PHYSICAL DESCRIPTION
Pagination x, 429 p. ;
Size 23 cm
504 ## - BIBLIOGRAPHY, ETC. NOTE
Bibliography, etc Includes index.
650 #0 - SUBJECT ADDED ENTRY--TOPICAL TERM
Topical term or geographic name as entry element Unemployed
Geographic subdivision Great Britain.
9 (RLIN) 8465
651 #0 - SUBJECT ADDED ENTRY--GEOGRAPHIC NAME
Geographic name Great Britain
General subdivision Economic policy.
9 (RLIN) 57274
710 1# - ADDED ENTRY--CORPORATE NAME
Corporate name or jurisdiction name as entry element Great Britain.
Subordinate unit Inter-departmental Committee on Social Insurance and Allied Services
9 (RLIN) 8467
942 ## - ADDED ENTRY ELEMENTS (KOHA)
Source of classification or shelving scheme Dewey Decimal Classification
Koha item type Books
Holdings
Lost status Source of classification or shelving scheme Damaged status Not for loan Collection code Permanent Location Current Location Shelving location Date acquired Source of acquisition Cost, normal purchase price Total Checkouts Full call number Date last seen Copy number Koha item type
  Dewey Decimal Classification     Non-fiction Central Library, University of Rajshahi Central Library, University of Rajshahi   04/06/1968 Zeitlinger 35.00   331.137942 BEF 1967 20/02/2014 C-3 Books
  Dewey Decimal Classification     Non-fiction Central Library, University of Rajshahi Central Library, University of Rajshahi   05/01/1965 Zeitlinger 5.10   331.137942 BEF 1960 17/06/2015 C-4 Books
  Dewey Decimal Classification     Non-fiction Central Library, University of Rajshahi Central Library, University of Rajshahi   04/06/1968 Zeitlinger 35.00   331.137942 BEF 1967 17/06/2015 C-2 Books
  Dewey Decimal Classification     Non-fiction Central Library, University of Rajshahi Central Library, University of Rajshahi   04/06/1968 Zeitlinger 35.00   331.137942 BEF 1967 17/06/2015 C-5 Books